All 196 Countries in Alphabetical Order (Blind) - Statistics

General Stats
  • This quiz has been taken 6,039 times
    5,479 since last reset
  • The average score is 110 of 196
Answer Stats
Answer % Correct
Afghanistan
98%
Albania
93%
Algeria
87%
Andorra
86%
Antigua and Barbuda
82%
Armenia
82%
Angola
81%
Australia
81%
Austria
81%
Azerbaijan
81%
Argentina
79%
Bahamas
77%
Bahrain
76%
Barbados
75%
Belgium
74%
Bangladesh
73%
Belize
72%
Benin
72%
Bhutan
70%
Bolivia
70%
Botswana
70%
Belarus
69%
Canada
69%
Bosnia and Herzegovina
68%
Brazil
68%
Burundi
68%
Denmark
68%
Brunei
67%
Bulgaria
67%
Cameroon
67%
Chile
67%
Cambodia
66%
Burkina Faso
65%
China
65%
Djibouti
65%
Dominican Republic
65%
Eritrea
65%
Chad
64%
Colombia
64%
Comoros
64%
Czech Republic
64%
Dominica
64%
Finland
64%
France
64%
Ecuador
63%
Estonia
63%
Eswatini
63%
Fiji
63%
Croatia
62%
Ethiopia
62%
Haiti
62%
Honduras
62%
Cape Verde
61%
Costa Rica
61%
Cyprus
61%
El Salvador
61%
Germany
61%
Guinea
61%
Iceland
61%
India
61%
Cuba
60%
Democratic Republic of the Congo
60%
East Timor
60%
Egypt
60%
Gabon
60%
Guinea-Bissau
60%
Hungary
60%
Indonesia
60%
Jamaica
60%
Japan
60%
Zambia
60%
Zimbabwe
60%
Central African Republic
59%
Equatorial Guinea
59%
Gambia
59%
Ghana
59%
Guyana
59%
Iran
59%
Iraq
59%
Ireland
59%
Jordan
59%
Kazakhstan
59%
Guatemala
58%
Italy
58%
Kenya
58%
Latvia
58%
Israel
57%
Kyrgyzstan
57%
Yemen
57%
Greece
56%
Grenada
56%
Laos
56%
Kiribati
55%
Liechtenstein
55%
Lithuania
55%
Mali
55%
Kosovo
54%
Kuwait
54%
Liberia
54%
Libya
54%
Luxembourg
54%
Mauritania
54%
Oman
54%
Venezuela
54%
Georgia
53%
Lebanon
53%
Lesotho
52%
Mauritius
52%
Namibia
52%
North Korea
52%
United Kingdom
52%
United States
52%
Vanuatu
52%
Vatican City
52%
Vietnam
52%
Federated States of Micronesia
51%
Madagascar
51%
Malawi
51%
Malaysia
51%
Maldives
51%
Nauru
51%
Palau
51%
United Arab Emirates
51%
Uruguay
51%
Uzbekistan
51%
Ivory Coast
50%
North Macedonia
50%
Qatar
50%
Russia
50%
Rwanda
50%
Mexico
49%
Monaco
49%
Montenegro
49%
Niger
49%
Nigeria
49%
Pakistan
49%
Panama
49%
Paraguay
49%
Romania
49%
Turkmenistan
49%
Morocco
48%
Netherlands
48%
Nicaragua
48%
Norway
48%
Peru
48%
Poland
48%
Portugal
48%
Saint Kitts and Nevis
48%
Saint Lucia
48%
Saint Vincent and the Grenadines
48%
South Korea
48%
Turkey
48%
Uganda
48%
Malta
47%
Moldova
47%
Mozambique
47%
Myanmar
47%
New Zealand
47%
South Sudan
47%
Marshall Islands
46%
Mongolia
46%
Nepal
46%
Sweden
46%
Tajikistan
46%
Tuvalu
46%
Ukraine
46%
Papua New Guinea
45%
Philippines
45%
San Marino
45%
Sudan
45%
Switzerland
45%
Togo
45%
Samoa
44%
Slovakia
44%
Slovenia
44%
South Africa
44%
Suriname
44%
Tonga
44%
Sao Tome and Principe
43%
Senegal
43%
Serbia
43%
Seychelles
43%
Somalia
43%
Tanzania
43%
Thailand
43%
Trinidad and Tobago
43%
Spain
42%
Syria
42%
Taiwan
41%
Singapore
40%
Sri Lanka
40%
Tunisia
40%
Republic of the Congo
39%
Sierra Leone
39%
Solomon Islands
38%
Saudi Arabia
37%
No matching quizzes found
Score Distribution
Percent of People with Each Score
Percentile by Number Answered
Your Score History
You have not taken this quiz since the last reset